000 00520nam a2200217Ia 4500
003 OSt
005 20220926043547.0
006 a|||||r|||| 00| 0
007 ta
008 220923b |||||||| |||| 00| 0 eng d
037 _cGeneral Book
040 _aRTL
_cRTL
_beng
041 _2eng
_aeng
082 _aU18, K0
100 _aMeux A H
_993545
245 0 _aReading topographical maps
260 _c1960
650 _aGeography
942 _hU18, K0
_cGB
_2CC
999 _c672630
_d672630